| 000 | 00937nam a2200205Ii 4500 | ||
|---|---|---|---|
| 003 | JO-AjNU | ||
| 008 | 230605s9999||||xx |||||||||||||| ||und|| | ||
| 040 |
_aJO-AjNU _bara _erda _cJO-AjNU |
||
| 041 | _aara | ||
| 050 | 1 | 4 | _aHC79 2011 |
| 100 | 3 |
_aحسن، حنان جابر, _eauthor _934417 |
|
| 245 | 0 | 0 | _aاطار مقترح لمراجعة تقرير التنمية المستدامة: دراسة ميدانية على قطاع البترول في جمهورية مصر العربية |
| 264 | 3 | 1 | _aالقاهرة: المنظمة العربية للتنمية الادارية، 2011 |
| 300 |
_a74ص _bيحتوي على ببلوغرافية وملاحق من ص 58-74ص |
||
| 336 |
_atext _btxt _2rdacontent |
||
| 337 |
_aunmediated _bn _2rdamedia |
||
| 338 |
_avolume _bnc _2rdacarrier |
||
| 490 | 0 | _aاصدار خاص عن المجلة العربية للادارة | |
| 650 | 4 |
_aالتنمية المستدامة - مصر _934418 |
|
| 999 |
_aA14110 _c17678 _d17678 |
||